Biggest Cities that end in U with a Map - Statistics

General Stats
  • This quiz has been taken 175 times
  • The average score is 11 of 20
Answers on the Map
Answers color-coded by a green-red scale on the quiz's map according to % correct below.
 
Answer Stats
Population City % Correct
3.20m Kathmandu
98%
2.63m Baku
96%
2.00m Mogadishu
96%
47.6m Guangzhou
94%
10.0m Chengdu
83%
2.65m Ouagadougou
79%
2.78m Cebu
74%
2.73m Daegu
68%
8.60m Hangzhou
61%
4.10m Fuzhou
55%
5.10m Zhengzhou
50%
7.75m Shantou
45%
5.40m Wenzhou
44%
2.00m Kitakyushu
39%
2.93m Lanzhou
36%
2.95m Xuzhou
28%
2.25m Baotou
24%
2.88m Huizhou
20%
2.35m Taizhou
19%
2.05m Liuzhou
17%
No matching quizzes found
Score Distribution
Percent of People with Each Score
Percentile by Number Answered
Your Score History
You have not taken this quiz